| 000 -LEADER |
| fixed length control field |
00360nam a22001331a 4500 |
| 082 ## - DEWEY DECIMAL CLASSIFICATION NUMBER |
| Classification number |
H 934 |
| Item number |
VIJ/P |
| 100 ## - MAIN ENTRY--PERSONAL NAME |
| Personal name |
Vijayendra Sharma |
| 9 (RLIN) |
124823 |
| 245 ## - TITLE STATEMENT |
| Title |
Pracheen Bharath mein janmat/ |
| Statement of responsibility, etc. |
by Vijayendra Sharma |
| 260 ## - PUBLICATION, DISTRIBUTION, ETC. |
| Place of publication, distribution, etc. |
New Delhi: |
| Name of publisher, distributor, etc. |
Bhoomika, |
| Date of publication, distribution, etc. |
1996. |
| 300 ## - PHYSICAL DESCRIPTION |
| Extent |
248p. |
| 650 ## - SUBJECT ADDED ENTRY--TOPICAL TERM |
| Topical term or geographic name entry element |
History India Ancient |
| 9 (RLIN) |
124824 |
| 650 ## - SUBJECT ADDED ENTRY--TOPICAL TERM |
| Topical term or geographic name entry element |
History |
| 9 (RLIN) |
124825 |
| 942 ## - ADDED ENTRY ELEMENTS (KOHA) |
| Koha item type |
Book |